| 000 | 00965cam a22002775a 4500 | ||
|---|---|---|---|
| 001 | 4139900 | ||
| 005 | 20150823121715.0 | ||
| 008 | 771128t1978 maua frb f001 0 eng d | ||
| 020 | _a0674576292 | ||
| 020 | _a9780674576292 | ||
| 040 |
_aDLC _cDLC _dEG-ScBUE _beng |
||
| 082 | 0 | 4 |
_a155.413 _222 _bVYG |
| 100 | 1 |
_aVygotskii, L. S. _q(Lev Semenovich), _d1896-1934. _938382 |
|
| 245 | 1 | 0 |
_aMind in society : _bthe development of higher psychological processes / _cL. S. Vygotsky ; edited by Michael Cole ... [et al.] |
| 260 |
_aCambridge, Massachusetts ; _aLondon : _bHarvard University Press, _cc.1978. |
||
| 300 |
_axi, 159 p. : _bill. ; _c24 cm. |
||
| 500 | _aIndex : p. 153-159. | ||
| 504 | _aBibliography : p. 141-151. | ||
| 650 | 0 |
_aCognition. _2BUEsh |
|
| 650 | 0 |
_aCognition in children. _2BUEsh |
|
| 651 | _2BUEsh | ||
| 653 |
_bEEENG _cAugust2015 |
||
| 655 |
_vreading book _934232 |
||
| 700 | 1 |
_aCole, Michael, _d1938- _eeditor. |
|
| 942 |
_2ddc _k155.413 VYG |
||
| 999 |
_c20547 _d20519 |
||